000 003570000a22001450004500
005 20120302062658.0
942 _cBOOK
100 _a OSHO
245 _a THE PSYCHOLOGY OF THE ESOTERIC
250 _a 3 RD
260 _aGERMANY : THE REBEL PUBLISHING HOUSE
300 _a178 P.
040 _aENG
650 _aYOGA / MEITATION / DIVINE / ESOTERIC / DREAMS
999 _c357365
_d357362